Flamme à lunettes - Jack et la Mécanique du coeur - Statistiques

Statistiques générales
  • Ce quiz a été pris 27 fois
  • Le résultat moyen est 219 sur 253
Statistiques - réponses
Paroles % Correct
à
100%
au
100%
de
100%
Miss Acacia De
100%
en
100%
En
100%
le
100%
les
100%
Les
100%
me
100%
c'est
94%
coquette
94%
dangereux
94%
d'être
94%
drôle
94%
Elles
94%
et
94%
Et
94%
flamme
94%
font
94%
Jack | Jack et Acacia | Miss Acacia Je
94%
je
94%
l'un
94%
lunette
94%
lunettes
94%
lunettes.
94%
mettre
94%
ne
94%
Jack Oh
94%
pas
94%
Pas
94%
petit
94%
petite
94%
qu'à
94%
sa
94%
tête
94%
un
94%
une
94%
Une
94%
voir
94%
vous
94%
Vous
94%
yeux.
94%
yeux
94%
allumette
88%
ça
88%
dans
88%
du
88%
faire
88%
Miss Acacia J'ai
88%
j'ai
88%
ma
88%
mes
88%
n'en
88%
n'y
88%
perdu
88%
peux
88%
point
88%
pour
88%
Pour
88%
quand
88%
que
88%
se
88%
Si
88%
voulu
88%
besoin
82%
chanter
82%
ciel
82%
d'y
82%
embrasser
82%
feu
82%
feu.
82%
flou
82%
fou
82%
garder
82%
loin
82%
même
82%
Même
82%
mon
82%
n'ai
82%
Ni
82%
ni
82%
n'ose
82%
perdre
82%
plus
82%
quelques
82%
Regarder
82%
regarder
82%
rue
82%
seulement
82%
soleil
82%
vois
82%
vos
82%
belles
76%
croquer
76%
déchiqueter
76%
droit
76%
fermés.
76%
habits
76%
incendie
76%
mais
76%
Jack On
76%
on
76%
Jack Oui
76%
paire
76%
pluie
76%
préfère
76%
serai
76%
sous
76%
votre
76%
allons-y
71%
assis
71%
aveu
71%
coeur
71%
confettis
71%
confettis?
71%
contre
71%
coûtez
71%
dents
71%
deux
71%
d'ouvrir
71%
entre
71%
frottera
71%
guiderai
71%
Miss Acacia Il
71%
jamais
71%
laissez-moi
71%
l'être
71%
l'extérieur
71%
l'horloge
71%
minuit
71%
petits
71%
pile
71%
pourrai
71%
prendra
71%
reconnaître
71%
recracher
71%
seriez
71%
squelette
71%
vieux
71%
cramer
65%
entends
65%
s'en
65%
faut
59%
Enfant
24%
Aucun quiz correspondant
Distribution des résultats
% des personnes avec chaque résultat
Percentile par nombre de réponses
Votre historique - résultats
Vous n’avez pas pris ce quiz